Teória spoločnosti v triáde rozhodnutí Daily Mail, Cartesio a Vale - spoločnosť ako fikcia, nexus kontraktov alebo reálna osoba?

Problematika povahy spoločnosti v spojitosti s cezhraničným premiestnením sídla v podmienkach práva Európskej únie.

Uložené v:
Podrobná bibliografia
Hlavný autor: Patakyová, Mária
Ďalší autori: Czókolyová, Barbora
Médium: Kapitola
Jazyk:Slovak
Predmet:
Tagy: Pridať tag
Žiadne tagy, Buďte prvý, kto otaguje tento záznam!

MARC

LEADER 00000naa a2200000 4500
001 0198738
005 20231208100745.1
041 0 |a slo 
044 |a SK 
245 1 0 |a Teória spoločnosti v triáde rozhodnutí Daily Mail, Cartesio a Vale - spoločnosť ako fikcia, nexus kontraktov alebo reálna osoba?  |c Mária Patakyová, Barbora Czókolyová 
520 |a Problematika povahy spoločnosti v spojitosti s cezhraničným premiestnením sídla v podmienkach práva Európskej únie. 
610 2 0 |a právo európske 
610 2 0 |a osoby právnické 
610 2 0 |a legislatíva 
100 1 |a Patakyová, Mária 
700 1 |a Czókolyová, Barbora